000 00473nam a2200181Ia 4500
003 GCL
008 140319s9999 xx 000 0 eng d
040 _aGCL /
_cGCL
082 0 4 _a843
_bH I
100 1 _aHENRI, LEVY BERNARD
245 1 0 _aIDEES FIXES /
_cHENRI, LEVY BERNARD
260 _a[S.N] :
_bLIBRAIRE GENERALE FRANCAISE ،
_c1992
300 _a379 P
490 _aLE LIVRE DE POCHE
_v0
650 0 4 _aLITERATURE
650 0 4 _aFRENCH LITERATURE
942 _2ddc
_cBK
999 _c23316
_d23316